| 000 | 02278nam0a2200361 4500 | ||
|---|---|---|---|
| 001 | RU\NLR\bibl\1114845 | ||
| 005 | 20260409071351.0 | ||
| 021 |
_aRU _b2007-42900 _92295 |
||
| 035 | _a(NLR Aleph) 001101854 | ||
| 090 |
_a1183296 _c1183296 |
||
| 100 | _a20070803d2006 |||y0rusy50 ca | ||
| 101 | 0 | _arus | |
| 102 | _aRU | ||
| 105 | _aa ||||||||| | ||
| 200 | 1 |
_aПедагогическая практика _eучебно-методическое пособие _fН.В. Савинцева, Н.В. Чуйкова, А.Н. Залунина _gПравительство г. Москвы, Деп. образования г. Москвы, Гос. образоват. учреждение Моск. гор. пед. ун-т, Мат. фак., Каф. теории и методики обучения математики в школе |
|
| 210 |
_aМосква _cМосковский городской педагогический университет _d2006 |
||
| 215 |
_a134 с. _cил. _d20 |
||
| 320 | _aБиблиогр.: с. 129-134 (113 назв.) | ||
| 606 | 1 |
_aВысшие педагогические учебные заведения _jУчебные издания для высших учебных заведений _xПедагогическая практика по математике _92345065 _3RU\NLR\AUTH\661401435 |
|
| 606 | 1 |
_aПедагогические институты _jУчебные издания для высших учебных заведений _xПедагогическая практика по математике _91822422 _3RU\NLR\AUTH\66823265 |
|
| 606 |
_aМатематика _xПреподавание _xСредняя школа _jУчебные издания для высших учебных заведений _3RU\NLR\auth\66662481 _91523244 |
||
| 686 | _aЧ489.518.26-матем.я73 | ||
| 686 | _aЧ426.24я73 | ||
| 700 | 1 |
_aСавинцева _bН. В. _gНаталия Викторовна _4070 |
|
| 701 | 1 |
_aЧуйкова _bН. В. _gНаталия Владимировна _4070 |
|
| 701 | 1 |
_aЗалунина _bА. Н. _4070 |
|
| 801 | 0 |
_aRU _bNLR _c20070803 _gRCR |
|
| 801 | 1 |
_aRU _bNLR _c20070803 |
|
| 830 | _aавт. по эк | ||
| 942 | _cBOOK | ||
| 980 | _aNB | ||